Central Library OPAC University of Rajshahi

The balance of payments./ (Record no. 74677)

MARC details
000 -LEADER
fixed length control field 00787nam a22002657a 4500
001 - CONTROL NUMBER
control field 74677
003 - CONTROL NUMBER IDENTIFIER
rucl marc code BD-RjUL
005 - DATE AND TIME OF LATEST TRANSACTION
control field 20211209082603.0
008 - FIXED-LENGTH DATA ELEMENTS--GENERAL INFORMATION
fixed length control field 181117r19621951enka|||| i||| 001 0 eng d
035 ## - SYSTEM CONTROL NUMBER
System control number (BD-RjUL)74895
040 ## - CATALOGING SOURCE
Original cataloging agency BD-RjUL
Language of cataloging eng
Transcribing agency BD-RjUL
041 ## - LANGUAGE CODE
Language code of text/sound track or separate title eng
082 ## - DEWEY DECIMAL CLASSIFICATION NUMBER
Edition number 23
Classification number 382
Author mark and year MEB 1963
100 1# - MAIN ENTRY--PERSONAL NAME
Personal name Meade, J.E.
9 (RLIN) 224979
245 14 - TITLE STATEMENT
Title The balance of payments./
Statement of responsibility, etc. J E Meade
260 ## - PUBLICATION, DISTRIBUTION, ETC. (IMPRINT)
Place of publication, distribution, etc. London :
Name of publisher, distributor, etc. Oxford University ,
Date of publication, distribution, etc. 1951[1963]
300 ## - PHYSICAL DESCRIPTION
Pagination V.;
Illustrations ill ;
Size 22 cm
500 ## - GENERAL NOTE
General note Includes Index
505 ## - FORMATTED CONTENTS NOTE
Title Vol. 1: The theory of International Economic Policy.--
650 ## - SUBJECT ADDED ENTRY--TOPICAL TERM
Topical term or geographic name as entry element Balance of trade
9 (RLIN) 224980
Topical term or geographic name as entry element Balance of payments
9 (RLIN) 224981
Topical term or geographic name as entry element International economic relations
9 (RLIN) 224982
Topical term or geographic name as entry element Economic policy
9 (RLIN) 224983
942 ## - ADDED ENTRY ELEMENTS (KOHA)
Source of classification or shelving scheme Dewey Decimal Classification
Koha item type Books
Holdings
Lost status Source of classification or shelving scheme Damaged status Not for loan Collection code Permanent Location Current Location Shelving location Date acquired Source of acquisition Cost, normal purchase price Total Checkouts Full call number Date last seen Copy number Koha item type
  Dewey Decimal Classification   Not For Loan Non-fiction Central Library, University of Rajshahi Central Library, University of Rajshahi Reading Room 16/11/1965 Zeitlinger 35.00   382 MEB 1963 17/11/2018 C-1 Books